Na vlně bankovních fúzí a akvizic
Zmeny v bankovníctve a vo finančných službách. Nové technológie, zmeny v správaní klientov, integrácia a globalizácia trhov, nové regulačné požiadavky a vyššie konkurenčné tlaky. Veľa z týchto zmien sa dotkli výnosov a nákladov bánk. Spájanie sa do väčších celkov v rámci domovskej krajiny i cez hran...
Guardado en:
| Autor principal: | |
|---|---|
| Formato: | Capítulo de libro |
| Lenguaje: | checo |
| Materias: | |
| Etiquetas: |
Sin Etiquetas, Sea el primero en etiquetar este registro!
|
MARC
| LEADER | 00000naa$a2200000$$$4500 | ||
|---|---|---|---|
| 001 | 0067689 | ||
| 005 | 20231010094631.4 | ||
| 041 | 0 | |a cze | |
| 044 | |a CZ | ||
| 245 | 1 | 0 | |a Na vlně bankovních fúzí a akvizic |c Karel Machala |
| 520 | |a Zmeny v bankovníctve a vo finančných službách. Nové technológie, zmeny v správaní klientov, integrácia a globalizácia trhov, nové regulačné požiadavky a vyššie konkurenčné tlaky. Veľa z týchto zmien sa dotkli výnosov a nákladov bánk. Spájanie sa do väčších celkov v rámci domovskej krajiny i cez hranice. | ||
| 610 | 2 | 0 | |a fúzie |
| 610 | 2 | 0 | |a banky |
| 610 | 2 | 0 | |a akvizícia |
| 610 | 2 | 0 | |a Európa |
| 610 | 2 | 0 | |a zisk |
| 610 | 2 | 0 | |a úspory |
| 100 | 1 | |a Machala, Karel | |